[Event "Macaubal Tsiloufas Memorial 2nd"]
[Site "Macaubal"]
[Date "2025.03.01"]
[Round "1"]
[White "Kinouchi, Francisco Almeida E"]
[Black "Dos Santos, Rhyan Santana"]
[Result "1-0"]
[WhiteElo "1723"]
[BlackElo "1800"]
[PlyCount "65"]
[EventDate "2025.03.01"]
[EventType "swiss"]
[EventRounds "6"]
[EventCountry "BRA"]
[SourceTitle "CB11_2025"]
[SourceDate "2025.03.12"]
[SourceVersion "1"]
[SourceVersionDate "2025.03.12"]
[SourceQuality "1"]

1. e4 e5 2. Nf3 Nc6 3. Bb5 a6 4. Bxc6 dxc6 5. 0-0 Be7 6. Nxe5 Nf6 7. d3 0-0 8. Nc3 h6 9. Be3 Re8 10. h3 Be6 11. f4 Bd6 12. d4 Bb4 13. Qf3 Qe7 14. a3 Ba5 15. b4 Bb6 16. f5 Bd7 17. Qg3 Nh5 18. Qf3 Nf6 19. Nxd7 Qxd7 20. Rad1 Rad8 21. e5 Nd5 22. Nxd5 cxd5 23. Qg3 Kh7 24. f6 Rg8 25. fxg7 Rxg7 26. Qh4 Qe6 27. Rf6 Rg6 28. Rxe6 fxe6 29. Qxd8 a5 30. Rf1 Rg3 31. Rf7+ Kg6 32. Qf6+ Kh5 33. Qxh6# 1-0